[Event "AUTO-ADV-4319"]
[Site "http://www.queenalice.com/game.php?id=1605487"]
[Date "2020.4.2"]
[Round "1"]
[White "Shizumaru_Hisame"]
[Black "Cautor"]
[Result "0-1"]
[WhiteElo "1958"]
[BlackElo "1910"]

1. e4 c5 2. Bc4 e6 3. d4 cxd4 4. Qxd4 Nc6 5. Qd1 b5 6. Bb3 Qh4 7. Qe2 Nf6 8. e5
Nd5 9. Nf3 Qh5 10. Qe4 Bc5 11. Be3 Nxe3 12. fxe3 O-O 13. Nbd2 Bb7 14. g4 Qg6 15.
Qf4 f5 16. g5 a5 17. h4 a4 18. h5 Qe8 19. h6 g6 20. Nh4 axb3 21. Nxb3 Nb4 22.
Rh2 Bb6 23. O-O-O Rxa2 24. Rhd2 Nd5 25. Qf3 Bxe3 26. Kb1 Nc3+ 27. bxc3 Bxf3 28.
Nxf3 Bxd2 29. Kxa2 Bxc3 30. Kb1 Qa8 31. Rxd7 Qa3 32. Rg7+ Kh8 33. Nfd2 Qb2# 0-1

[Event "AUTO-ADV-4321"]
[Site "http://www.queenalice.com/game.php?id=1606272"]
[Date "2020.4.6"]
[Round "1"]
[White "Ditto"]
[Black "Cautor"]
[Result "1-0"]
[WhiteElo "1655"]
[BlackElo "1905"]

1. e4 c5 2. Bc4 e6 3. e5 a6 4. Nf3 b5 5. Be2 g6 6. d3 Nc6 7. Bg5 Qb6 8. Be3 Bb7
9. Bg5 Bg7 10. O-O Nxe5 11. Be3 Nxf3+ 12. Bxf3 Bxb2 13. Nd2 Bxa1 14. Qxa1 f6 15.
Bg4 O-O-O 16. Qb1 f5 17. Be2 Ne7 18. Bg5 Qd6 19. Nb3 h6 20. Be3 Nd5 21. Bd2 Nf4
22. Bd1 Nxg2 23. Na5 Nh4 24. Nxb7 Kxb7 25. Qc1 Rdf8 26. Bf4 e5 27. Bd2 1-0

[Event "AUTO-ADV-4321"]
[Site "http://www.queenalice.com/game.php?id=1606273"]
[Date "2020.4.6"]
[Round "1"]
[White "Cautor"]
[Black "Ditto"]
[Result "0-1"]
[WhiteElo "1879"]
[BlackElo "1681"]

1. d4 d5 2. Bf4 Nc6 3. e3 Bf5 4. Bd3 Qd7 5. Bxf5 Qxf5 6. Bxc7 e6 7. c3 Be7 8.
Nf3 Nf6 9. Nbd2 O-O 10. Qb3 b6 11. O-O-O Na5 12. Qb5 Rac8 13. Be5 Ng4 14. Rdf1
f6 15. Bg3 Qg6 16. h3 Nh6 17. Qd7 Qf7 18. Qxa7 Qe8 19. Qxb6 Ra8 20. Qxe6+ Kh8
21. Qxd5 Nc6 22. e4 Rc8 23. Re1 Nb4 24. Qb3 Nd3+ 25. Kc2 Nxe1+ 26. Rxe1 Rb8 27.
Bxb8 Qg6 0-1

[Event "AUTO-ADV-4321"]
[Site "http://www.queenalice.com/game.php?id=1606290"]
[Date "2020.4.6"]
[Round "1"]
[White "Cautor"]
[Black "junipero"]
[Result "1-0"]
[WhiteElo "1871"]
[BlackElo "1933"]

1. d4 d5 2. Bf4 e6 3. e3 c5 4. c3 Nc6 5. Nf3 Nf6 6. Bd3 a6 7. Nbd2 Be7 8. O-O
O-O 9. Ne5 c4 10. Bc2 Nxe5 11. Bxe5 b5 12. f4 Bb7 13. Rf3 Ne4 14. Rh3 Bf6 15.
Nxe4 dxe4 16. Qh5 h6 17. Rg3 Bxe5 18. fxe5 Kh7 19. Rf1 f5 20. Qg6+ 1-0

[Event "AUTO-ADV-4321"]
[Site "http://www.queenalice.com/game.php?id=1606291"]
[Date "2020.4.6"]
[Round "1"]
[White "junipero"]
[Black "Cautor"]
[Result "1-0"]
[WhiteElo "1919"]
[BlackElo "1926"]

1. d4 d5 2. c4 e6 3. Nc3 Nf6 4. e3 a6 5. Nf3 Nc6 6. a3 Bd7 7. b4 dxc4 8. Bxc4 b5
9. Be2 Nd5 10. Bb2 Be7 11. Rc1 O-O 12. O-O f5 13. Ne1 Rf6 14. Bf3 Rh6 15. Nxd5
exd5 16. Bxd5+ Kh8 17. Nd3 Bd6 18. g3 a5 19. Bxc6 Bxc6 20. Rxc6 Qd7 21. Ne5 Qe8
22. Qb3 Rf6 23. Rcc1 axb4 24. axb4 Ra4 25. Bc3 h6 26. Ra1 h5 27. Rxa4 bxa4 28.
Qa3 h4 29. Ra1 h3 30. Qxa4 Qh5 31. Nd7 Re6 32. Qa8+ Re8 33. Qc6 f4 34. Ne5 fxg3
35. fxg3 Rf8 36. Rf1 Rf6 37. Rxf6 gxf6 38. Nf3 f5 39. d5+ Kg8 40. Kf2 Qg4 41.
Qe8+ Bf8 42. Qe6+ Kh7 43. Qf7+ Bg7 44. Bxg7 Qxg7 45. Ng5+ Kh6 46. Qxg7+ 1-0

[Event "AUTO-ADV-4341"]
[Site "http://www.queenalice.com/game.php?id=1611557"]
[Date "2020.5.10"]
[Round "1"]
[White "NickThorp"]
[Black "Cautor"]
[Result "0-1"]
[WhiteElo "1680"]
[BlackElo "1926"]

1. e4 e6 2. d4 d5 3. e5 c5 4. Nf3 Nc6 5. Bb5 Bd7 6. Bg5 Nge7 7. O-O h6 8. Bh4 g5
9. Bg3 a6 10. Bxc6 Bxc6 11. Nc3 Nf5 12. h3 Nxg3 13. fxg3 Qb6 14. b3 cxd4 15.
Nxd4 Bc5 16. Ne2 Bb5 17. Kh1 Bxd4 18. c3 Bxe2 19. Qxe2 Bxc3 20. Rac1 d4 21. Qh5
Rh7 22. Rf6 Rc8 23. Rxh6 Rxh6 24. Qxg5 Rg6 25. Qf4 d3 26. Qe3 Qxe3 0-1

[Event "AUTO-ADV-4341"]
[Site "http://www.queenalice.com/game.php?id=1611558"]
[Date "2020.5.10"]
[Round "1"]
[White "Cautor"]
[Black "NickThorp"]
[Result "0-1"]
[WhiteElo "1932"]
[BlackElo "1645"]

1. d4 d5 2. Bf4 Nc6 3. Nd2 Bf5 4. e3 a6 5. Bd3 Bxd3 6. cxd3 e6 7. Ngf3 Bb4 8. a3
Ba5 9. b4 Bb6 10. O-O Nf6 11. Bg5 O-O 12. e4 dxe4 13. dxe4 Nxd4 14. e5 Nxf3+ 15.
Nxf3 Qxd1 16. Raxd1 Nd5 17. h4 h6 18. Bc1 c6 19. Rd3 a5 20. bxa5 Bxa5 21. g4 b5
22. Nd4 Rfc8 23. g5 hxg5 24. hxg5 g6 25. Nb3 Bb6 26. Rh3 Kg7 27. Kg2 Nf4+ 0-1

[Event "AUTO-ADV-4341"]
[Site "http://www.queenalice.com/game.php?id=1611573"]
[Date "2020.5.10"]
[Round "1"]
[White "Bigchess"]
[Black "Cautor"]
[Result "0-1"]
[WhiteElo "1794"]
[BlackElo "1944"]

1. e4 e6 2. d4 d5 3. exd5 exd5 4. Nf3 Nf6 5. Be2 c5 6. O-O Bd6 7. dxc5 Bxc5 8.
Nc3 Be6 9. Bg5 Nbd7 10. Bd3 O-O 11. Ne5 Nxe5 0-1

[Event "AUTO-ADV-4341"]
[Site "http://www.queenalice.com/game.php?id=1611574"]
[Date "2020.5.10"]
[Round "1"]
[White "Cautor"]
[Black "Bigchess"]
[Result "1-0"]
[WhiteElo "1954"]
[BlackElo "1784"]

1. d4 d5 2. Bf4 e6 3. e3 Nf6 4. Nd2 Be7 5. c3 Nc6 6. Ngf3 O-O 7. Bd3 Bd6 8. Bg3
Bxg3 9. hxg3 Re8 10. g4 Nxg4 11. Rxh7 Kf8 12. Nh4 Qf6 13. Qxg4 1-0

[Event "AUTO-ADV-4341"]
[Site "http://www.queenalice.com/game.php?id=1611583"]
[Date "2020.5.10"]
[Round "1"]
[White "Canaye"]
[Black "Cautor"]
[Result "1-0"]
[WhiteElo "1953"]
[BlackElo "1944"]

1. d4 d5 2. c4 e6 3. Nc3 Nc6 4. cxd5 exd5 5. Bf4 Bb4 6. e3 Nf6 7. Qc2 g6 8. Bg5
Bf5 9. Bd3 Qd6 10. Bxf5 gxf5 11. Qxf5 Ne4 12. Ne2 Nxg5 13. Qxg5 Ne7 14. O-O-O
Rg8 15. Qf4 Rxg2 16. Qxd6 Bxd6 17. Rhg1 Rxf2 18. Rg7 Rxh2 19. Rdg1 O-O-O 20.
Rxf7 a6 21. Rgg7 h5 22. Nf4 h4 23. Nfxd5 Rd7 24. Nxe7+ Bxe7 25. Ne4 h3 26. Nf6
Rh1+ 27. Kc2 Rd8 28. Rxe7 h2 29. Rxc7+ Kb8 30. Rxb7+ Ka8 31. Rh7 Rg1 32. Rxh2
Kxb7 33. Rh7+ Kb6 34. Ne4 Rg2+ 35. Kb3 Rc8 36. a4 a5 37. Rh6+ Rc6 38. Rh3 Rg4
39. Nc3 Ka6 40. Kc2 Rg2+ 41. Kb3 Rb6+ 42. Nb5 Rg1 43. e4 1-0

[Event "AUTO-ADV-4341"]
[Site "http://www.queenalice.com/game.php?id=1611584"]
[Date "2020.5.10"]
[Round "1"]
[White "Cautor"]
[Black "Canaye"]
[Result "0-1"]
[WhiteElo "1963"]
[BlackElo "1890"]

1. d4 e6 2. Bf4 d5 3. e3 c5 4. c3 Nc6 5. Nf3 cxd4 6. cxd4 Qb6 7. b3 Bb4+ 8. Nbd2
Nf6 9. Bd3 Nh5 10. Bg3 Nxg3 11. hxg3 Bd7 12. Bxh7 O-O-O 13. Qc2 g6 14. Ng5 Rdf8
15. O-O-O Kb8 16. f4 Ba3+ 17. Kb1 Nb4 18. Qc5 Qa6 19. Qe7 Qd3+ 20. Ka1 Qc3+ 21.
Kb1 Qb2# 0-1